LEADER 01263nam a2200253 i 4500 001 000000256521 003 CaOOAMICUS 005 20191007092855.0 008 180109s1972 it u000 u ita u 013 $a235429 040 $aSeMil$bita 100 1 $aButtiglione, Rocco,$d<1948- >.$0(OLS)http://semarc/name/15569 245 10$aAvvenimento cristiano e fenomeno rivoluzionario :$blezioni sul marxismo. Testi del Seminario condotto presso l'Università Cattolica di Milano, 22-25 febbraio 1972 /$cR. Buttiglione. 260 $aMilano :$bComunione e liberazione,$ccopyr. 1972. 300 $a84 p. ;$c24 cm. 490 0 $aDispense ;$v1 650 4$aMarxismo e cristianesimo.$0(OLS)http://semarc/subject/6019 830 0$aDispense [Comunione e liberazione] ;$v1.$0(OLS)http://semarc/title/426031 850 $aSeMil 852 $aSeMil$W1$xVenegono$y1$m3E V 317$j206867$B206867$CSeMilBibl$Z2$F220643 $81 961 $aOmaggio: Altro 996 $6245$aAvvenimento cristiano e fenomeno rivoluzionario :$blezioni sul marxismo. Testi del Seminario condotto presso l'Università Cattolica di Milano, 22-25 febbraio 1972$9(OLS)http://semarc/title/412302 996 $6260$aMilano :$bComunione e liberazione$9(OLS)http://semarc/publisher/35010 LEADER 01042nam a2200241 4500 001 000000339388 003 CaOOAMICUS 005 20200212095828.0 008 200212s2018 it 000 u ita r 020 $a978-88-99616-16-8 040 $aSeMil$bita 100 11$aUrru, Angelo Giuseppe,$c.$0(OLS)http://semarc/name/90283 245 03$aLa funzione d'insegnare della chiesa nella legislazione attuale /$cAngelo Giuseppe Urru. 250 $a3. Ed. aggiornata 264 1$aRoma :$bAngelicum University Press,$c2018. 300 $a225 p. ;$c24 cm 650 4$aDiritto canonico - Codice - Libro 3.$0(OLS)http://semarc/subject/27212 850 $aSeMil 852 $aSeMil$W1$xVenegono$y1$m2H IV 81$j251676$B230480$CSeMilBibl$Z2$F230480 $81 996 $6020$a978-88-99616-16-8$9(OLS)http://semarc/number/289909 996 $6245$aLa funzione d'insegnare della chiesa nella legislazione attuale$9(OLS)http://semarc/title/428206 996 $6264$aRoma :$bAngelicum University Press$9(OLS)http://semarc/publisher/34211 LEADER 00967nam a2200229 i 4500 001 000000061667 003 CaOOAMICUS 005 20121213000000.0 008 121213s1954 it u000 u ita u 013 $a32839 040 $aSeMil$bita 245 10$aEchi e commenti della proclamazione del domma dell'Assunzione. 260 $aRomae :$bPontificia Academia Mariana Internationalis,$c1954. 300 $aIX, 387 p. ;$c26 cm. 490 0 $aStudia Mariana ;$v8 500 $aContiene : Scripta bibliographica. 650 4$aMadonna - Assunzione.$0(OLS)http://semarc/subject/4528 830 0$aStudia mariana ;$v8.$0(OLS)http://semarc/title/37719 850 $aSeMil 852 $aSeMil$W1$xVenegono$y1$m2L I 226$j27820$B27820$CSeMilBibl$Z2$F27823 $81 996 $6245$aEchi e commenti della proclamazione del domma dell'Assunzione$9(OLS)http://semarc/title/96948 996 $6260$aRomae :$bPontificia Academia Mariana Internationalis$9(OLS)http://semarc/publisher/29664 LEADER 00978nam a2200217 i 4500 001 000000199147 003 CaOOAMICUS 005 20241015080635.0 008 110316s1875 it u000 u ita u 013 $a177838 040 $aSeMil$bita 100 1 $aBertani, Agostino.$0(OLS)http://semarc/name/11106 245 10$aDiscorso dell'onorevole Agostino Bertani ai suoi elettori del collegio di Rimini pronunciato nel teatro comunale il 28 Aprile 1875. 260 $a[S.l. :$bs.n.],$c1875$e(Rimini :$fTip. Albertini e C.,$g1875) 300 $a29 p. ;$c19 cm. 773 0 $t[Miscellanea.$w()24551 850 $aSeMil 852 $aSeMil$W1$xVenegono$y1$m5B I 21/8 FA$j149700$B149700$CSeMilBibl$Z2$F161069 $8I 996 $6245$aDiscorso dell'onorevole Agostino Bertani ai suoi elettori del collegio di Rimini pronunciato nel teatro comunale il 28 Aprile 1875$9(OLS)http://semarc/title/287936 996 $6260$a[S.l. :$bs.n.]$9(OLS)http://semarc/publisher/29751 LEADER 00916nam a2200265 i 4500 001 000000086515 003 CaOOAMICUS 005 20180830150010.0 008 180830s1929 xx u000 u und u 013 $a58755 040 $aSeMil$bita 100 0 $aAugustinus, Aurelius,$c.$0(OLS)http://semarc/name/498 245 10$aDiscorsi scelti. 260 $aSiena :$bCantagalli,$c1929. 300 $a195 p. 650 4$aPatristica - Testi.$0(OLS)http://semarc/subject/0 700 1 $aLogi, Edamo.$0(OLS)http://semarc/name/9754 850 $aSeMil 852 $aSeMil$W1$xVenegono$y1$m74 1 13 *$j50178$B50178$CSeMilBibl$Z2$F54114 $81 900 1 $aAgostino : d'Ippona. 900 1 $aSant'Agostino. 996 $6245$aDiscorsi scelti$9(OLS)http://semarc/title/132806 996 $6260$aSiena :$bCantagalli$9(OLS)http://semarc/publisher/29767 LEADER 01153nam a2200265 i 4500 001 000000211036 003 CaOOAMICUS 005 20120217000000.0 008 120217s2011 it u000 u ita u 013 $a189849 020 $a978-88-89667-21-7 040 $aSeMil$bita 100 1 $aBusca, Gianmarco .$0(OLS)http://semarc/name/75460 245 13$aLa riconciliazione sorella del battesimo /$cGianmarco Busca. 260 $aRoma :$bLipa,$c2011. 300 $a333 p. ;$c21 cm. 650 4$aRiconciliazione - Sacramento.$0(OLS)http://semarc/subject/34125 650 4$aBattesimo - Riflessione teologica.$0(OLS)http://semarc/subject/39627 650 4$aPenitenza - Chiese cristiane - Studio comparato.$0(OLS)http://semarc/subject/39628 850 $aSeMil 852 $aSeMil$W1$xVenegono$y1$m2F III 407$j161483$B161483$CSeMilBibl$Z2$F172676 $81 961 $aOmaggio: Paleari don Marco 996 $6020$a978-88-89667-21-7$9(OLS)http://semarc/number/206147 996 $6245$aLa riconciliazione sorella del battesimo$9(OLS)http://semarc/title/304904 996 $6260$aRoma :$bLipa$9(OLS)http://semarc/publisher/31573